000200651 001__ 200651
000200651 005__ 20170108210046.0
000200651 0247_ $$aG:(DE-Juel1)BMEL-AUFWIND-2013$$dBMEL-AUFWIND-2013
000200651 035__ $$aG:(DE-Juel1)BMEL-AUFWIND-2013
000200651 150__ $$aAlgenproduktion und Umwandlung in Flugzeugtreibstoffe: Wirtschaftlichkeit, Nachhaltigkeit, Demonstration
000200651 450__ $$aAUFWIND$$wd
000200651 5101_ $$0I:(DE-588b)1045949620$$aBundesministerium für Ernährung und Landwirtschaft$$bBMEL
000200651 909CO $$ooai:juser.fz-juelich.de:825840$$pauthority$$pauthority:GRANT
000200651 909CO $$ooai:juser.fz-juelich.de:825840
000200651 980__ $$aG
000200651 980__ $$aAUTHORITY